000 00664nam a2200229 a 4500
001 000048292
003 DO-SdBNP
005 20230203115923.0
007 ta
008 181213s2000 dr c r 000 0 spa d
040 _aDO-SdBNP
_bspa
_cBNPHU
082 _axxx
_bV297i
_222
100 1 _aVargas, Anny
_975713
245 1 0 _aIntroducción a la informática básica. /
_cAnny Vargas.
260 _aSanto Domingo :
_bCorripio,
_c2000.
300 _a123 p. :
_bdiagr. ;
_c23 cm.
500 _aIncluye datos biográficos de la autora en la contracubierta
504 _aBibliografía : p. 122
590 _aInventariado, 2019/BT
910 _aBT
942 _2ddc
_cLBS1
999 _c47780
_d47780